[Event "Plzen, FSB A"]
[Site "?"]
[Date "2000.??.??"]
[Round "8"]
[White "Horyna, J."]
[Black "Hercik, J."]
[Result "1-0"]
[WhiteElo "1855"]
[BlackElo "1950"]
[PlyCount "69"]
[EventDate "2000.??.??"]
[Source "ChessBase"]
[SourceDate "1996.11.15"]

1. d4 d5 2. Nf3 e6 3. Bf4 Nd7 4. e3 Ngf6 5. Bd3 c5 6. c3 b6 7. Nbd2 Bb7 8. Ne5
c4 9. Bc2 Rc8 10. Ndf3 h6 11. a4 Be7 12. h3 Nf8 13. Nd2 a6 14. Qe2 g5 15. Bg3
b5 16. axb5 axb5 17. f4 b4 18. Ba4+ N8d7 19. Nxd7 Nxd7 20. e4 gxf4 21. Bxf4
bxc3 22. bxc3 Bg5 23. O-O Rg8 24. exd5 Bxd5 25. Ne4 Bxf4 26. Rxf4 Bxe4 27. Qxe4
Ke7 28. Qh7 Qf8 29. Bxd7 Rg7 30. Qe4 Kxd7 31. Qb7+ Rc7 32. Qb5+ Kd8 33. Ra8+
Rc8 34. Qb6+ Kd7 35. Qb7+ 1-0

[Event "Plzen, FSB A"]
[Site "?"]
[Date "2000.??.??"]
[Round "8"]
[White "Vlk, M."]
[Black "Vymetal, M."]
[Result "1-0"]
[WhiteElo "1915"]
[BlackElo "1810"]
[PlyCount "55"]
[EventDate "2000.??.??"]
[Source "ChessBase"]
[SourceDate "1996.11.15"]

1. c4 Nf6 2. Nc3 g6 3. g3 Bg7 4. Bg2 e5 5. Nf3 d6 6. d4 Nfd7 7. O-O O-O 8. e4
Nc6 9. Be3 exd4 10. Nxd4 Nde5 11. Qe2 Na5 12. b3 Ng4 13. Rad1 Nxe3 14. Qxe3 a6
15. Rd2 Bd7 16. Rfd1 Nc6 17. Nxc6 Bxc6 18. c5 Qf6 19. Nd5 Bxd5 20. Rxd5 dxc5
21. Qxc5 c6 22. Rd7 Rad8 23. Qb6 Rxd7 24. Rxd7 Qb2 25. Bf1 Qxa2 26. Qxb7 c5 27.
Bc4 Bd4 28. Rxf7 1-0

[Event "Plzen, FSB A"]
[Site "?"]
[Date "2000.??.??"]
[Round "8"]
[White "Barton, O."]
[Black "Marous, R."]
[Result "0-1"]
[WhiteElo "1940"]
[BlackElo "1815"]
[PlyCount "40"]
[EventDate "2000.??.??"]
[Source "ChessBase"]
[SourceDate "1996.11.15"]

1. e4 c5 2. c3 d5 3. exd5 Qxd5 4. d4 Bf5 5. dxc5 Qxc5 6. Be3 Qa5 7. Na3 e5 8.
Nb5 Nc6 9. b4 Nxb4 10. cxb4 Bxb4+ 11. Bd2 Rd8 12. Nf3 a6 13. Nc7+ Kf8 14. Qc1
Bxd2+ 15. Nxd2 Nf6 16. a4 Rc8 17. Qa3+ Kg8 18. Nxa6 bxa6 19. Rd1 g6 20. Bc4
Rxc4 0-1

[Event "Plzen, FSB A"]
[Site "?"]
[Date "2000.??.??"]
[Round "8"]
[White "Geiger, L."]
[Black "Dvorak, M."]
[Result "0-1"]
[WhiteElo "1900"]
[BlackElo "1800"]
[PlyCount "54"]
[EventDate "2000.??.??"]
[Source "ChessBase"]
[SourceDate "1996.11.15"]

1. e4 c5 2. Nf3 d6 3. d4 cxd4 4. Nxd4 Nf6 5. Nc3 a6 6. a4 Nc6 7. Be2 g6 8. Be3
Bg7 9. O-O O-O 10. f4 Bd7 11. Kh1 Rc8 12. Rb1 Bh6 13. Nb3 Nb4 14. Qd2 Bg4 15.
h3 Bd7 16. Rbc1 Rxc3 17. Qxc3 Na2 18. Qd4 Nxc1 19. Bxc1 Bc6 20. Bf3 Bg7 21. Qb4
Qd7 22. a5 Rc8 23. c3 Bb5 24. Rd1 Rc4 25. Nc5 Qc8 26. Qb3 Qxc5 27. Qc2 Ba4 0-1

[Event "Plzen, FSB A"]
[Site "?"]
[Date "2000.??.??"]
[Round "9"]
[White "Konopka, M."]
[Black "Vokac, M."]
[Result "1/2-1/2"]
[WhiteElo "2450"]
[BlackElo "2520"]
[PlyCount "31"]
[EventDate "2000.??.??"]
[Source "ChessBase"]
[SourceDate "1996.11.15"]

1. Nf3 g6 2. c4 Bg7 3. d4 c5 4. d5 d6 5. Nc3 f5 6. Qc2 Nf6 7. g3 O-O 8. Bg2 Na6
9. O-O Bd7 10. Bd2 Rb8 11. a3 Qe8 12. Rad1 b5 13. cxb5 Bxb5 14. Nxb5 Qxb5 15.
Ng5 Qb3 16. Qxb3 1/2-1/2

[Event "Plzen, FSB A"]
[Site "?"]
[Date "2000.??.??"]
[Round "9"]
[White "Vavra, P."]
[Black "Michalek, J."]
[Result "1/2-1/2"]
[WhiteElo "2390"]
[BlackElo "2320"]
[PlyCount "52"]
[EventDate "2000.??.??"]
[Source "ChessBase"]
[SourceDate "1996.11.15"]

1. e4 c5 2. Nf3 Nc6 3. c3 Nf6 4. d3 e6 5. Nbd2 d5 6. Be2 Be7 7. O-O Qc7 8. Re1
O-O 9. Bf1 Rb8 10. a4 b6 11. Qc2 Ba6 12. b3 Rfd8 13. Bb2 Rbc8 14. Rac1 Bf8 15.
e5 Nd7 16. Ng5 g6 17. f4 Bg7 18. Qd1 Nf8 19. b4 Bb7 20. Ba3 cxb4 21. cxb4 b5
22. Kh1 Qb6 23. a5 Qc7 24. Nb3 Qe7 25. Nf3 Nd7 26. Qd2 Bf8 1/2-1/2

[Event "Plzen, FSB A"]
[Site "?"]
[Date "2000.??.??"]
[Round "9"]
[White "Votava, J."]
[Black "Lechtynsky, J."]
[Result "1/2-1/2"]
[WhiteElo "2505"]
[BlackElo "2405"]
[PlyCount "106"]
[EventDate "2000.??.??"]
[Source "ChessBase"]
[SourceDate "1996.11.15"]

1. e4 c6 2. d4 d5 3. e5 Bf5 4. c3 e6 5. Be3 Qb6 6. Qb3 Ne7 7. Nd2 Nd7 8. f4 Bg6
9. Ngf3 Nf5 10. Bf2 h5 11. Be2 a5 12. a4 Qxb3 13. Nxb3 b6 14. O-O Be7 15. Rfc1
O-O 16. c4 Rfc8 17. g3 dxc4 18. Rxc4 Bb4 19. Rac1 Ne7 20. Be1 Be4 21. Bxb4 axb4
22. Nfd2 Bd5 23. Rxb4 c5 24. dxc5 Nc6 25. Rb5 Na7 26. c6 Rxc6 27. Rxc6 Nxc6 28.
Bc4 Rxa4 29. Rxd5 exd5 30. Bb5 Nc5 31. Bxc6 Nxb3 32. Bxa4 Nxd2 33. Bc6 Nc4 34.
b3 Ne3 35. Kf2 Ng4+ 36. Kg2 Kf8 37. h3 Ne3+ 38. Kf3 d4 39. Ke4 Nf1 40. Kxd4
Nxg3 41. Bb5 Ke7 42. Kd5 h4 43. Kc6 Nh5 44. f5 Nf4 45. Bf1 g5 46. fxg6 Nxg6 47.
Kxb6 Nxe5 48. Kc5 f5 49. Kd5 Nf3 50. b4 Kd7 51. Bd3 f4 52. Bf5+ Kc7 53. Ke4 Ng1
1/2-1/2

[Event "Plzen, FSB A"]
[Site "?"]
[Date "2000.??.??"]
[Round "9"]
[White "Cvek, R."]
[Black "Volosin, L."]
[Result "1/2-1/2"]
[WhiteElo "2405"]
[BlackElo "2455"]
[PlyCount "53"]
[EventDate "2000.??.??"]
[Source "ChessBase"]
[SourceDate "1996.11.15"]

1. c4 e5 2. Nc3 Nc6 3. g3 g6 4. Bg2 Bg7 5. d3 d6 6. Rb1 a5 7. a3 f5 8. e3 Nf6
9. Nge2 O-O 10. O-O Ne7 11. f4 Kh8 12. b4 axb4 13. axb4 Rb8 14. d4 exf4 15.
Nxf4 g5 16. Nfe2 d5 17. c5 Be6 18. b5 Qe8 19. Bd2 Qh5 20. Nc1 Qxd1 21. Rxd1 Ra8
22. Nd3 Ra3 23. Nb4 Ne4 24. Nxe4 fxe4 25. Nc2 Ra2 26. Nb4 Ra3 27. Nc2 1/2-1/2

[Event "Plzen, FSB A"]
[Site "?"]
[Date "2000.??.??"]
[Round "9"]
[White "Neuman, P."]
[Black "Mirumian, V."]
[Result "1-0"]
[WhiteElo "2330"]
[BlackElo "2555"]
[PlyCount "81"]
[EventDate "2000.??.??"]
[Source "ChessBase"]
[SourceDate "1996.11.15"]

1. e4 c5 2. f4 Nc6 3. Nf3 g6 4. Bb5 Bg7 5. Bxc6 bxc6 6. d3 d6 7. O-O f5 8. e5
Nh6 9. Qe2 O-O 10. Nc3 Rb8 11. Rb1 Nf7 12. Re1 Qc7 13. Bd2 Nd8 14. Qf2 Ne6 15.
b3 Bd7 16. Re2 a6 17. Rbe1 Rbe8 18. Nd1 Qb8 19. c3 Rf7 20. Nb2 Bf8 21. g3 h6
22. h4 Bg7 23. h5 g5 24. Nc4 d5 25. Nb2 g4 26. Nh4 c4 27. dxc4 dxc4 28. Nxc4 c5
29. Be3 Qc7 30. Rd2 Rc8 31. Red1 Nf8 32. Rxd7 Nxd7 33. e6 Rf6 34. exd7 Rd8 35.
Qd2 Qc6 36. Qd5+ Qxd5 37. Rxd5 e6 38. Rd6 Rf7 39. Ne5 Bxe5 40. fxe5 Rdxd7 41.
Ng6 1-0

[Event "Plzen, FSB A"]
[Site "?"]
[Date "2000.??.??"]
[Round "9"]
[White "Folk, P."]
[Black "Gross, D."]
[Result "0-1"]
[WhiteElo "2260"]
[BlackElo "2465"]
[PlyCount "90"]
[EventDate "2000.??.??"]
[Source "ChessBase"]
[SourceDate "1996.11.15"]

1. e4 e5 2. Nf3 Nc6 3. Bb5 a6 4. Ba4 Nf6 5. Qe2 b5 6. Bb3 Bc5 7. c3 O-O 8. d3
Bb7 9. O-O Re8 10. Ng5 Re7 11. Be3 Bxe3 12. fxe3 h6 13. Nh3 Na5 14. Nd2 Nxb3
15. Nxb3 d6 16. Na5 c5 17. Nxb7 Rxb7 18. Qf3 Qd7 19. d4 Qg4 20. Qxg4 Nxg4 21.
Rf3 b4 22. Nf2 Nf6 23. cxb4 cxd4 24. exd4 Rxb4 25. dxe5 dxe5 26. b3 Rc8 27. Rd1
Nxe4 28. Nxe4 Rxe4 29. Rfd3 Rc2 30. R3d2 Re2 31. Rxc2 Rxc2 32. Rd5 f6 33. Ra5
Rc6 34. Kf2 Kf7 35. g4 Ke6 36. h4 g6 37. Ke3 h5 38. gxh5 gxh5 39. Kd3 Rd6+ 40.
Ke2 f5 41. Ke3 f4+ 42. Ke4 Rd4+ 43. Kf3 Kf5 44. Ke2 Ke4 45. Rxa6 f3+ 0-1

[Event "Plzen, FSB A"]
[Site "?"]
[Date "2000.??.??"]
[Round "9"]
[White "Freisler, P."]
[Black "Kuklin, V."]
[Result "1-0"]
[WhiteElo "2360"]
[BlackElo "2170"]
[PlyCount "71"]
[EventDate "2000.??.??"]
[Source "ChessBase"]
[SourceDate "1996.11.15"]

1. Nf3 Nf6 2. c4 c5 3. g3 g6 4. Bg2 Bg7 5. O-O O-O 6. Nc3 Nc6 7. d4 cxd4 8.
Nxd4 Ng4 9. e3 d6 10. b3 Nxd4 11. exd4 Nh6 12. Bb2 Nf5 13. d5 Rb8 14. Qd2 Bd7
15. Rfe1 Re8 16. Ne4 Bxb2 17. Qxb2 b5 18. c5 dxc5 19. Nxc5 b4 20. Rac1 Bc8 21.
Nd3 Qb6 22. Rc4 a5 23. Ne5 Rb7 24. Ng4 Ng7 25. Nf6+ exf6 26. Rxe8+ Nxe8 27.
Rxc8 Rb8 28. Rc6 Qd8 29. Qd4 Rc8 30. Qc5 Rxc6 31. dxc6 Qc7 32. Qd4 Kf8 33. Qd7
Qe5 34. Bd5 Qe7 35. Qc8 Qc7 36. Qd7 1-0

[Event "Plzen, FSB A"]
[Site "?"]
[Date "2000.??.??"]
[Round "9"]
[White "Palek, M."]
[Black "Dolezal jr., R."]
[Result "1/2-1/2"]
[WhiteElo "2225"]
[BlackElo "2355"]
[PlyCount "84"]
[EventDate "2000.??.??"]
[Source "ChessBase"]
[SourceDate "1996.11.15"]

1. e4 e5 2. Nf3 Nc6 3. Bb5 a6 4. Ba4 Nf6 5. O-O Be7 6. Qe2 b5 7. Bb3 O-O 8. c3
d5 9. d3 dxe4 10. dxe4 Bd6 11. Bg5 Na5 12. Bc2 h6 13. Bh4 Qe7 14. Nbd2 Be6 15.
Rfd1 Nc4 16. Nxc4 Bxc4 17. Bd3 Be6 18. Nd2 Bc5 19. Kh1 g5 20. Bg3 Nd7 21. Nf1
f6 22. f3 Rfd8 23. Bf2 Bxf2 24. Qxf2 Nc5 25. Bc2 Rxd1 26. Rxd1 Bxa2 27. Ne3 Be6
28. Nd5 Bxd5 29. exd5 Nb7 30. Qe3 Nd6 31. Qc5 Qd7 32. b4 Nb7 33. Qe3 a5 34.
bxa5 Rxa5 35. Qe4 Nd6 36. Qb4 Ra2 37. Bb3 Ra6 38. Qc5 Qc8 39. Bc2 Qb8 40. Qe3
Qe8 41. Qc5 Qb8 42. Qe3 Qe8 1/2-1/2

[Event "Plzen, FSB A"]
[Site "?"]
[Date "2000.??.??"]
[Round "9"]
[White "Jirka, J."]
[Black "Kulhanek, T."]
[Result "0-1"]
[WhiteElo "2300"]
[BlackElo "2350"]
[PlyCount "86"]
[EventDate "2000.??.??"]
[Source "ChessBase"]
[SourceDate "1996.11.15"]

1. d4 d5 2. Nf3 Nc6 3. g3 Bg4 4. Bg2 e6 5. O-O Be7 6. Ne5 Nxe5 7. dxe5 c6 8. h3
Bf5 9. c4 Bxb1 10. Rxb1 dxc4 11. Qa4 h5 12. Qxc4 Nh6 13. e4 Bg5 14. f4 Qb6+ 15.
Kh1 Be7 16. Qe2 Ng4 17. Bf3 Bc5 18. b4 Bd4 19. Rb3 g6 20. Kg2 Nh6 21. Rd1 O-O-O
22. a4 f6 23. a5 Qc7 24. exf6 e5 25. Qc4 Nf7 26. b5 Nd6 27. Qe6+ Kb8 28. bxc6
Qxc6 29. fxe5 Qc2+ 30. Bd2 Nc4 31. Rbb1 Bxe5 32. Qe7 Bc7 33. a6 b6 34. Kh1 Rxd2
35. Rxd2 Qxb1+ 36. Rd1 Qb3 37. f7 Qxf3+ 38. Kg1 Qxd1+ 39. Kg2 Qe2+ 40. Kg1 Qe3+
41. Kf1 Qf3+ 42. Kg1 Qxg3+ 43. Kf1 Qf3+ 0-1

[Event "Plzen, FSB A"]
[Site "?"]
[Date "2000.??.??"]
[Round "9"]
[White "Juptner, J."]
[Black "Glienke, M."]
[Result "0-1"]
[WhiteElo "2170"]
[BlackElo "2345"]
[PlyCount "98"]
[EventDate "2000.??.??"]
[Source "ChessBase"]
[SourceDate "1996.11.15"]

1. d4 f5 2. c4 Nf6 3. g3 g6 4. Bg2 Bg7 5. Nf3 O-O 6. O-O d6 7. Nc3 e6 8. b3 Nc6
9. d5 Ne4 10. Bb2 Nxc3 11. Bxc3 Bxc3 12. Rc1 Bf6 13. dxc6 bxc6 14. Nd4 Bxd4 15.
Qxd4 c5 16. Qd2 Rb8 17. f4 Rb6 18. Rfe1 Qf6 19. Rcd1 Ra6 20. e4 Qd4+ 21. Kh1
Qxd2 22. Rxd2 fxe4 23. Bxe4 Bd7 24. Kg1 Ra3 25. h4 a5 26. Re3 Rb8 27. h5 Kg7
28. Rh2 a4 29. g4 Rf8 30. Rf3 axb3 31. axb3 Ra1+ 32. Kf2 Ra2+ 33. Kg3 Rxh2 34.
Kxh2 gxh5 35. gxh5 Kh6 36. Kg3 Be8 37. f5 exf5 38. Bxf5 Bxh5 39. Rf2 Bg6 40.
Rh2+ Kg7 41. Bd7 Rb8 42. Ba4 Be8 43. Bxe8 Rxe8 44. Kf4 Re5 45. Ra2 Kf6 46. Ra7
Re7 47. Ra8 Ke6 48. Rh8 Rg7 49. Rf8 Rf7+ 0-1

[Event "Plzen, FSB A"]
[Site "?"]
[Date "2000.??.??"]
[Round "9"]
[White "Gross, S."]
[Black "Fiala, R."]
[Result "1-0"]
[WhiteElo "2355"]
[BlackElo "2235"]
[PlyCount "107"]
[EventDate "2000.??.??"]
[Source "ChessBase"]
[SourceDate "1996.11.15"]

1. Nf3 d5 2. c4 c6 3. d4 Nf6 4. Qb3 Qb6 5. Nc3 Qxb3 6. axb3 Bf5 7. c5 Na6 8. e4
dxe4 9. Bxa6 bxa6 10. Ne5 Bc8 11. Nxc6 e6 12. O-O Be7 13. Bf4 Bd8 14. Nb4 a5
15. Nc6 Nd5 16. Bd6 Nb4 17. Nxd8 Kxd8 18. Nxe4 Nc6 19. Rfd1 f6 20. Bf4 Ke7 21.
Bc7 Bd7 22. Nd6 Nb4 23. Bxa5 Nd5 24. Ra3 Rhb8 25. g3 Bb5 26. Nxb5 Rxb5 27. Bc3
Kd7 28. Rda1 Rb7 29. Kf1 Nc7 30. b4 Kc6 31. Ke2 Kd5 32. Kd3 h5 33. h3 a6 34.
Re1 Nb5 35. Raa1 Nc7 36. Re4 Rh8 37. Rae1 Rbb8 38. R1e2 Rbd8 39. Re1 Rb8 40.
Rg1 Rbd8 41. f4 Rde8 42. Re3 Nb5 43. Ra1 Nc7 44. Rae1 g6 45. R1e2 Nb5 46. g4
hxg4 47. hxg4 Nc7 48. g5 f5 49. Re5+ Kc6 50. d5+ exd5 51. Rxe8 Rxe8 52. Rxe8
Nxe8 53. Be5 Kd7 54. Kd4 1-0

[Event "Plzen, FSB A"]
[Site "?"]
[Date "2000.??.??"]
[Round "9"]
[White "Gross, G."]
[Black "Vasicek, M."]
[Result "1-0"]
[WhiteElo "2350"]
[BlackElo "2165"]
[PlyCount "75"]
[EventDate "2000.??.??"]
[Source "ChessBase"]
[SourceDate "1996.11.15"]

1. d4 Nf6 2. Nf3 e6 3. g3 b6 4. Bg2 Bb7 5. O-O Be7 6. c4 O-O 7. d5 Qc8 8. Nc3
Na6 9. Nd4 g6 10. Bf4 Nh5 11. Bh6 Ng7 12. f4 Re8 13. e4 c5 14. Nc2 d6 15. Bh3
Nc7 16. Ne3 Qd8 17. Qd3 Bc8 18. dxe6 Ngxe6 19. Ncd5 Nxd5 20. Nxd5 Bf8 21. f5
Bxh6 22. fxe6 Bxe6 23. Nf6+ Kf8 24. Nxe8 Bxh3 25. Nxd6 Be6 26. Rad1 Bg7 27. e5
Qe7 28. Qe4 Rd8 29. b3 Kg8 30. Qf4 h5 31. Ne4 Bg4 32. Nf6+ Kh8 33. Nxg4 hxg4
34. Qxf7 Qg5 35. Rxd8+ Qxd8 36. Qd5 Qe8 37. e6 g5 38. Rf7 1-0

[Event "Plzen, FSB A"]
[Site "?"]
[Date "2000.??.??"]
[Round "9"]
[White "Balin, J."]
[Black "Vyskocil, N."]
[Result "1/2-1/2"]
[WhiteElo "2070"]
[BlackElo "2330"]
[PlyCount "87"]
[EventDate "2000.??.??"]
[Source "ChessBase"]
[SourceDate "1996.11.15"]

1. d4 Nf6 2. g3 e6 3. Bg2 c5 4. c3 d5 5. Nf3 Nc6 6. O-O Be7 7. Nbd2 O-O 8. Nb3
c4 9. Nbd2 b5 10. Re1 Bb7 11. Qc2 a6 12. e4 dxe4 13. Nxe4 Nxe4 14. Qxe4 Bf6 15.
Qc2 Qd5 16. Bf4 Rfe8 17. Nh4 Qd8 18. Nf3 Qd5 19. Nh4 Qd8 20. Nf3 Na5 21. h4 Qd5
22. Re2 Rac8 23. Kh2 Qh5 24. Ne5 Red8 25. Rh1 Bxg2 26. g4 Bxh1 27. gxh5 Bd5 28.
Kg3 Nc6 29. Ng4 Ne7 30. Ne3 Bc6 31. Re1 Nd5 32. Nxd5 Rxd5 33. Be5 Rcd8 34. f4
Be7 35. Qe2 Bf6 36. Qg4 Bxe5 37. fxe5 h6 38. Rg1 Kh7 39. Kh2 Rg8 40. Qf3 Rf8
41. a4 Ba8 42. Qg4 Rg8 43. Qf3 Rf8 44. Qg3 1/2-1/2

[Event "Plzen, FSB A"]
[Site "?"]
[Date "2000.??.??"]
[Round "9"]
[White "Hlavnicka, J."]
[Black "Mikuev, E."]
[Result "1/2-1/2"]
[WhiteElo "2305"]
[BlackElo "2225"]
[PlyCount "60"]
[EventDate "2000.??.??"]
[Source "ChessBase"]
[SourceDate "1996.11.15"]

1. g3 g6 2. Bg2 Bg7 3. c4 c5 4. Nc3 Nc6 5. e3 e5 6. Nge2 Nge7 7. b3 O-O 8. Bb2
Rb8 9. O-O d6 10. d3 a6 11. Nd5 b5 12. Qd2 Be6 13. Nec3 h6 14. Nxe7+ Nxe7 15.
Nd5 Qd7 16. f4 f5 17. Rae1 Kh7 18. Nxe7 Qxe7 19. e4 Qc7 20. Qe2 exf4 21. Rxf4
Bxb2 22. Qxb2 Rbe8 23. Ref1 Qg7 24. Qf2 Kg8 25. exf5 Rxf5 26. Re1 Re5 27. Rxe5
Qxe5 28. Re4 Qg7 29. Rxe6 Rxe6 30. Bd5 Qe5 1/2-1/2

[Event "Plzen, FSB A"]
[Site "?"]
[Date "2000.??.??"]
[Round "9"]
[White "Kolago, M."]
[Black "de Jong, J."]
[Result "1-0"]
[WhiteElo "2270"]
[BlackElo "2135"]
[PlyCount "69"]
[EventDate "2000.??.??"]
[Source "ChessBase"]
[SourceDate "1996.11.15"]

1. e4 Nf6 2. e5 Nd5 3. c4 Nb6 4. b3 g6 5. Bb2 Bg7 6. d4 d6 7. exd6 cxd6 8. Nf3
Bg4 9. Nbd2 d5 10. Be2 Nc6 11. O-O O-O 12. Rc1 Rc8 13. c5 Nd7 14. a3 Qc7 15. b4
a6 16. Re1 Bxf3 17. Nxf3 e6 18. Qd2 Rfe8 19. h3 Nf6 20. Bd3 Kh8 21. a4 Ng8 22.
Qc3 Nce7 23. Ra1 Nf5 24. b5 axb5 25. axb5 Qf4 26. Ra7 Rc7 27. Bc1 Nxd4 28. Bxf4
Nxf3+ 29. gxf3 Bxc3 30. Bxc7 Bxe1 31. Rxb7 e5 32. b6 e4 33. fxe4 dxe4 34. Bb5
e3 35. Bxe8 1-0

[Event "Plzen, FSB A"]
[Site "?"]
[Date "2000.??.??"]
[Round "9"]
[White "Dvorak, T."]
[Black "Korenova, M."]
[Result "1-0"]
[WhiteElo "2220"]
[BlackElo "2265"]
[PlyCount "75"]
[EventDate "2000.??.??"]
[Source "ChessBase"]
[SourceDate "1996.11.15"]

1. e4 e5 2. Nf3 Nc6 3. d4 exd4 4. Bc4 Bc5 5. c3 Nf6 6. e5 d5 7. Bb5 Ne4 8. cxd4
Bb4+ 9. Nbd2 O-O 10. h3 f6 11. O-O Kh8 12. a3 Bxd2 13. Bxd2 fxe5 14. Bxc6 bxc6
15. Nxe5 Ba6 16. Re1 Qh4 17. Be3 Rxf2 18. Bxf2 Qxf2+ 19. Kh2 Qg3+ 20. Kg1 Rf8
21. Qg4 Qf2+ 22. Kh2 Bc8 23. Rf1 Bxg4 24. Rxf2 Rxf2 25. hxg4 Rxb2 26. Rc1 c5
27. dxc5 h6 28. Nc6 Rb5 29. Nxa7 Rxc5 30. Rxc5 Nxc5 31. Nc6 Kh7 32. Kg3 Kg6 33.
Ne7+ Kg5 34. Nxd5 c6 35. Nc3 Nd3 36. a4 c5 37. a5 c4 38. a6 1-0

[Event "Plzen, FSB A"]
[Site "?"]
[Date "2000.??.??"]
[Round "9"]
[White "Ionescu, A."]
[Black "Laznicka, V."]
[Result "1-0"]
[WhiteElo "2255"]
[BlackElo "1800"]
[PlyCount "43"]
[EventDate "2000.??.??"]
[Source "ChessBase"]
[SourceDate "1996.11.15"]

1. d4 Nf6 2. Bg5 e6 3. e4 d5 4. e5 h6 5. Be3 Nfd7 6. f4 c5 7. c3 a6 8. Nf3 b5
9. Bd3 Be7 10. O-O O-O 11. Nbd2 cxd4 12. cxd4 Nb6 13. b3 b4 14. Qe1 a5 15. Qg3
Ba6 16. Bxa6 Nxa6 17. f5 Kh7 18. f6 gxf6 19. Qh3 Rh8 20. exf6 Bf8 21. Ng5+ Kg8
22. Nxf7 1-0

[Event "Plzen, FSB A"]
[Site "?"]
[Date "2000.??.??"]
[Round "9"]
[White "Galicek, S."]
[Black "Spal, M."]
[Result "1/2-1/2"]
[WhiteElo "1940"]
[BlackElo "2235"]
[PlyCount "40"]
[EventDate "2000.??.??"]
[Source "ChessBase"]
[SourceDate "1996.11.15"]

1. d4 Nf6 2. c4 c5 3. d5 e6 4. Nc3 exd5 5. cxd5 d6 6. e4 g6 7. f4 Bg7 8. Bb5+
Nfd7 9. a4 O-O 10. Nf3 Na6 11. O-O Nc7 12. Be2 a6 13. Nd2 Qe7 14. Bf3 Rb8 15.
a5 Nb5 16. Na4 Nd4 17. Nc4 Nxf3+ 18. Qxf3 Bd4+ 19. Be3 Bxe3+ 20. Qxe3 Nf6
1/2-1/2

[Event "Plzen, FSB A"]
[Site "?"]
[Date "2000.??.??"]
[Round "9"]
[White "Namyslo, H."]
[Black "Chrz, P."]
[Result "1-0"]
[WhiteElo "2325"]
[BlackElo "2155"]
[PlyCount "73"]
[EventDate "2000.??.??"]
[Source "ChessBase"]
[SourceDate "1996.11.15"]

1. e4 c5 2. Nf3 Nf6 3. e5 Nd5 4. Nc3 e6 5. Nxd5 exd5 6. d4 Nc6 7. dxc5 Bxc5 8.
Qxd5 d6 9. exd6 Qb6 10. Bc4 Bxf2+ 11. Kd1 O-O 12. Qb5 Qd8 13. Bf4 Qf6 14. Rf1
Bb6 15. Ng5 Bg4+ 16. Kc1 Rae8 17. Bd2 Bf2 18. Bd3 Re5 19. Nxh7 Qh4 20. Qxb7 Nd8
21. Qb4 Nc6 22. Qf4 Rfe8 23. Qxf2 Qxf2 24. Rxf2 Re1+ 25. Bxe1 Rxe1+ 26. Kd2
Rxa1 27. Ng5 Ne5 28. a3 f6 29. Nf3 Bxf3 30. gxf3 Rh1 31. Bf5 Kf7 32. Kc3 g6 33.
Be4 Ke6 34. f4 Ng4 35. f5+ Kxd6 36. Rd2+ Ke5 37. Bxh1 1-0

[Event "Plzen, FSB A"]
[Site "?"]
[Date "2000.??.??"]
[Round "9"]
[White "Vyhnalek, B."]
[Black "Menacher, M."]
[Result "1/2-1/2"]
[WhiteElo "2155"]
[BlackElo "2315"]
[PlyCount "84"]
[EventDate "2000.??.??"]
[Source "ChessBase"]
[SourceDate "1996.11.15"]

1. e4 c5 2. Nf3 Nc6 3. d4 cxd4 4. Nxd4 Nf6 5. Nc3 e5 6. Ndb5 d6 7. Bg5 a6 8.
Na3 b5 9. Nd5 Be7 10. Bxf6 Bxf6 11. c3 O-O 12. Nc2 Bg5 13. Bd3 Ne7 14. Nce3 Be6
15. Bc2 Rb8 16. Bb3 Kh8 17. Nxe7 Qxe7 18. Qd3 Bxe3 19. Qxe3 f5 20. Bxe6 Qxe6
21. exf5 Rxf5 22. O-O Rbf8 23. f3 Qf7 24. a4 Qb3 25. axb5 axb5 26. Rf2 d5 27.
Qc5 h6 28. Ra3 Qd1+ 29. Rf1 Qd2 30. Raa1 Qxb2 31. Rfb1 Qd2 32. Rxb5 d4 33. Rb7
dxc3 34. Rc7 c2 35. Rc8 Qd1+ 36. Kf2 Rxf3+ 37. gxf3 Qxf3+ 38. Ke1 Qh1+ 39. Kd2
Qg2+ 40. Kc1 Qh1+ 41. Kd2 Qg2+ 42. Kc1 Qh1+ 1/2-1/2

[Event "Plzen, FSB A"]
[Site "?"]
[Date "2000.??.??"]
[Round "9"]
[White "Cernousek, L."]
[Black "Svub, J."]
[Result "1-0"]
[WhiteElo "2255"]
[BlackElo "2110"]
[PlyCount "91"]
[EventDate "2000.??.??"]
[Source "ChessBase"]
[SourceDate "1996.11.15"]

1. e4 c5 2. Nf3 d6 3. d4 cxd4 4. Nxd4 Nf6 5. Nc3 a6 6. Be2 e6 7. f4 b5 8. Bf3
Bb7 9. e5 Nd5 10. Nxd5 dxe5 11. Nf6+ gxf6 12. Bxb7 Ra7 13. Bc6+ Nxc6 14. Nxc6
Qxd1+ 15. Kxd1 Rd7+ 16. Bd2 Rg8 17. g3 exf4 18. Ke2 fxg3 19. hxg3 Rc7 20. Nd4
Rxg3 21. Bf4 Rg2+ 22. Kf3 Rcxc2 23. Nxc2 Rxc2 24. Rh2 Rc4 25. Rxh7 e5 26. Be3
Ke7 27. Rc1 Rxc1 28. Bxc1 Ke6 29. Rh8 Bd6 30. Ra8 f5 31. Rxa6 e4+ 32. Kf2 Kd5
33. Be3 f4 34. Rxd6+ Kxd6 35. Bxf4+ Kd5 36. Ke3 f5 37. Bc7 Kc5 38. Kf4 Kc4 39.
Kxf5 Kd3 40. Kf4 e3 41. Ba5 Kc2 42. b3 e2 43. Ke3 Kb2 44. Kxe2 b4 45. Kd3 Kxa2
46. Kc4 1-0

[Event "Plzen, FSB A"]
[Site "?"]
[Date "2000.??.??"]
[Round "9"]
[White "Weiss, O."]
[Black "Kozak, M."]
[Result "1/2-1/2"]
[WhiteElo "2140"]
[BlackElo "2245"]
[PlyCount "93"]
[EventDate "2000.??.??"]
[Source "ChessBase"]
[SourceDate "1996.11.15"]

1. d4 Nf6 2. Nf3 g6 3. Bg5 Bg7 4. Nbd2 O-O 5. e4 d6 6. Bd3 Nbd7 7. O-O e5 8.
dxe5 Nxe5 9. Nxe5 dxe5 10. Nc4 h6 11. Bh4 Qe8 12. Qd2 Nh5 13. Qb4 b6 14. Ne3
Nf4 15. Bc4 Bb7 16. f3 Kh7 17. Rad1 h5 18. Nd5 Nxd5 19. Bxd5 Bxd5 20. Rxd5 f6
21. Rfd1 Rf7 22. Qc4 Bf8 23. Be1 a5 24. Bf2 Rb8 25. Qd3 Bd6 26. c4 Qc6 27. Qb3
Rff8 28. Qc3 Rfd8 29. h3 Kg7 30. a3 a4 31. R1d2 Be7 32. Rxd8 Rxd8 33. Rxd8 Bxd8
34. Qd3 Be7 35. Qd5 Qxd5 36. cxd5 Kf7 37. Kf1 Ke8 38. Ke2 Kd7 39. Kd3 b5 40.
Be1 c6 41. g4 cxd5 42. exd5 f5 43. Bc3 Bd6 44. gxh5 gxh5 45. Kc2 Kc7 46. f4 e4
47. Be5 1/2-1/2

[Event "Plzen, FSB A"]
[Site "?"]
[Date "2000.??.??"]
[Round "9"]
[White "Hadraba, V."]
[Black "Ziabari, M."]
[Result "1-0"]
[WhiteElo "2240"]
[BlackElo "2070"]
[PlyCount "86"]
[EventDate "2000.??.??"]
[Source "ChessBase"]
[SourceDate "1996.11.15"]

1. e4 e5 2. Nf3 Nc6 3. Bb5 a6 4. Ba4 Nf6 5. O-O Be7 6. Re1 d6 7. Bxc6+ bxc6 8.
d4 exd4 9. Nxd4 Bb7 10. Nc3 Qd7 11. Qd3 O-O 12. Nf5 Rfe8 13. Qg3 Bf8 14. f3 Kh8
15. Bg5 Ng8 16. Rad1 Re6 17. Ne2 Rg6 18. Nh4 Re6 19. Nd4 Re5 20. Bd2 g6 21. Bc3
f6 22. f4 Re7 23. f5 Qe8 24. fxg6 Rg7 25. Ndf5 hxg6 26. Nxg7 Kxg7 27. Rd3 Be7
28. Qf4 Bc8 29. Rg3 Kh7 30. Nxg6 Qf7 31. Nxe7 Qxe7 32. Qh4+ Nh6 33. Bxf6 Qf8
34. Rg7+ Qxg7 35. Bxg7 Kxg7 36. Qe7+ Kh8 37. h3 Ng8 38. Qxc7 Be6 39. Qxd6 Re8
40. Qxc6 Bf7 41. Qxa6 Re6 42. Qb7 Re7 43. Qb4 Rc7 1-0

[Event "Plzen, FSB A"]
[Site "?"]
[Date "2000.??.??"]
[Round "9"]
[White "Burdova, K."]
[Black "Trmota, Z."]
[Result "1/2-1/2"]
[WhiteElo "2130"]
[BlackElo "2240"]
[PlyCount "129"]
[EventDate "2000.??.??"]
[Source "ChessBase"]
[SourceDate "1996.11.15"]

1. e4 e6 2. b3 Nf6 3. Nc3 d5 4. exd5 exd5 5. Bb2 c6 6. Qe2+ Qe7 7. O-O-O Qxe2
8. Bxe2 Bd6 9. Bf3 O-O 10. h3 Bf5 11. Nge2 Nbd7 12. g4 Bg6 13. Bg2 Ne8 14. h4
h5 15. g5 f5 16. f4 Nc7 17. Rhf1 Bf7 18. Ng3 g6 19. Nce2 Ne6 20. d4 Nc7 21. Kb1
Rfe8 22. Kc1 Re7 23. Kd2 a5 24. Nc1 Rae8 25. Nd3 a4 26. Rde1 Rxe1 27. Rxe1 Rxe1
28. Kxe1 axb3 29. axb3 Nf8 30. Ne2 Nb5 31. Kd2 Bc7 32. Ne5 Nd6 33. Ba3 Ne4+ 34.
Bxe4 fxe4 35. Bxf8 Kxf8 36. Ng3 Be8 37. Ke3 Ba5 38. c4 Be1 39. Ne2 Ke7 40. cxd5
cxd5 41. f5 Bxh4 42. Kf4 gxf5 43. Kxf5 Bf2 44. g6 Kf8 45. Nf4 e3 46. Kg5 Bb5
47. Kh6 e2 48. Nxe2 Bxe2 49. Kh7 Bd3 50. Nxd3 Bxd4 51. Nf4 Be5 52. Nxd5 h4 53.
Ne3 h3 54. Ng4 Bd4 55. Nh2 b5 56. Nf3 Bf6 57. Nh2 Bd4 58. Ng4 Ke7 59. g7 Bxg7
60. Kxg7 Kd6 61. Kh6 Kc5 62. Kg5 Kb4 63. Kh4 Kxb3 64. Kxh3 b4 65. Ne5 1/2-1/2